000 00451nam a22001697a 4500
003 NUST - PNEC
005 20170116181058.0
008 151002b xxu||||| |||| 00| 0 eng d
020 _a01137101791
040 _cLIBRARY
082 _a681.2 MOR
100 _912184
_aMorris, Alan S.
245 _aPrinciples of measurement and instrumentation
_cAlan S. Morris
260 _c1988
650 _912185
_aEngineering--Measurement
_xME
942 _2ddc
_cBK
999 _c68641
_d68641